000 01325cam a2200385 a 4500
001 20726
003 VRT
005 20260130143619.0
008 250414s1992 xo e 0000f slo
015 _aSNBA1992/08
020 _a8022003514
_q(viaz.)
035 _a62C04E40-7764-44D1-91F5-E4BBE5C5F6F3
035 _aSNK000011576
035 _aurn:nbn:sk:snk-am003f5e
035 _aurn:nbn:sk:snk-amjaty
039 9 _a202507221404
_bAUTHORITY
_c202504141420
_dVLOAD
_c202403152023
_dVLOAD
_c202101091011
_dAUTHORITY
040 _aSNK
_bslo
_cSNK
_eAACR2
041 1 _aslo
_heng
044 _axo
_cSK
080 _a820 (73)-3
_21981
100 1 _aMcBain, Ed,
_d1926-2005
_4aut
245 1 0 _aTriky
_cEd Mac Bain ; [z anglického originálu preložila Svetlana Marušiaková]
250 _a1. vyd.
260 _aBratislava
_bSlovenský spisovateľ
_c1992
300 _a261 s.
_c16 cm
490 1 _aZelená knižnica
700 1 _aMrlianová-Marušiaková, Svetlana,
_d1945-1993
_4trl
830 0 _aZelená knižnica
942 _2ddc
_cKLDO
_n0
949 _617A0089272
_9P60, <05>, [BOOK], {605}
_asnkSD 64370 D1
_s6100:20140925
949 _617A1044907
_asnkSD 64370
949 _6273K0191972
_asvkpoA 156935
_bsvkpo387306
_oPV 6118/92
999 _c20726
_d20726